Normal view
MARC view
- Y.M.Cho,S . Nam
Entry Personal Name
001 - CONTROL NUMBER
- control field: 23983
003 - CONTROL NUMBER IDENTIFIER
- control field: NUST
005 - DATE AND TIME OF LATEST TRANSACTION
- control field: 20191015125810.0
008 - FIXED-LENGTH DATA ELEMENTS
- fixed length control field: 191015|| aca||aabn | a|a d
040 ## - CATALOGING SOURCE
- Original cataloging agency: NUST
- Transcribing agency: NUST
100 ## - HEADING--PERSONAL NAME
- Personal name: Y.M.Cho,S . Nam
670 ## - SOURCE DATA FOUND
- Source citation: Work cat.: (NUST): Y.M.Cho,S . Nam, Proceedings of the APCTP Winter School Dualities in Gauge and String Theories, 1997
